000
00273nam a2200109Ia 4500
008
220204s9999 xx 000 0 und d
082
_a
82-3
_b
MAC
100
_a
MacDonald, John D
245
4
_a
the Girl in the plain brown wrapper
260
_a
London
_b
Pan
_c
1977
942
_c
BK
999
_c
33780
_d
33780